Santiago Wanderers de Valparaíso: una historia de tres siglos 1892-2012

Guardat en:
Dades bibliogràfiques
Autor corporatiu: Santiago Wanderers (Autor)
Format: Llibre
Idioma:espanyol
Publicat: Valparaíso Santiago Wanderers 2012
Edició:1a. ed
Col·lecció:Patrimonio de Valparaíso 1892
Matèries:
Etiquetes: Afegir etiqueta
Sense etiquetes, Sigues el primer a etiquetar aquest registre!

MARC

LEADER 00000cam a2200000 a 4500
001 UCE4955
003 CL-VaPUC
008 141120e20120815cl |||||||||||||||||spa|d
082 0 4 |a 796.334  |b SAN  |2 21 
110 2 |a Santiago Wanderers  |e author  |9 577431 
245 1 0 |a Santiago Wanderers de Valparaíso: una historia de tres siglos 1892-2012 
250 |a 1a. ed 
300 |a 210 p 
651 0 |a Valparaíso, Chile  |9 261144 
942 |c BK 
945 |d 20141120 11:52:00  |a arojas 
260 |a Valparaíso  |b Santiago Wanderers  |c 2012 
600 0 7 |a SANTIAGO WANDERERS  |2 CL-VaPUC  |9 577432 
650 7 |a HISTORIA DEL FUTBOL  |2 CL-VaPUC  |9 502597 
650 7 |a HISTORIA DEL FUTBOL CHILENO  |2 CL-VaPUC  |9 548982 
583 |a last modification  |c 20141120 11:52:00  |k Rodrigo Vera 
490 0 |a Patrimonio de Valparaíso 1892 
999 |c 357810  |d 357808 
952 |0 0  |1 0  |3 erb  |4 0  |6 796_334000000000000_SAN_2012  |7 0  |8 X  |9 465902  |a FDOBUD  |b FDOBUD  |i 5125294  |o 796.334 SAN 2012  |p 5125294  |r 2019-11-23  |w 2019-11-23  |y BK_X  |z Catalogado en:20141120  |k BUD